World's great crime stories / (Record no. 180585)

MARC details
000 -LEADER
fixed length control field 00656nam a2200193 4500
005 - DATE AND TIME OF LATEST TRANSACTION
control field 20210812111313.0
010 ## - LCCN (DPL NO)
LC control number B-741193
020 ## - INTERNATIONAL STANDARD BOOK NUMBER
International Standard Book Number 818083008X
Terms of availability 650.00
035 ## - SYSTEM CONTROL NUMBER
System control number B-741193
037 ## - SOURCE OF ACQUISITION
Source of stock number/acquisition Gift
082 ## - DEWEY DECIMAL CLASSIFICATION NUMBER
Classification number S
100 ## - MAIN ENTRY--PERSONAL NAME
Personal name Parashar,Sandeep Kumar
245 ## - TITLE STATEMENT
Title World's great crime stories /
Statement of responsibility, etc by Sandeep Kumar Parashar
260 ## - PUBLICATION, DISTRIBUTION, ETC. (IMPRINT)
Place of publication, distribution, etc Delhi
Name of publisher, distributor, etc Vimal Pustak Mandir
Date of publication, distribution, etc 2020
270 ## - ADDRESS
Address 430, Maharam Mohalla Vishwas Nagar, Shahdara,
City Delhi
Postal code 110032
300 ## - PHYSICAL DESCRIPTION
Extent 248p.
Dimensions 22cm(Hb)
942 ## - ADDED ENTRY ELEMENTS (KOHA)
Source of classification or shelving scheme Dewey Decimal Classification
Item type Children Books
Classification part S
Call number suffix PAR
Holdings
Withdrawn status Lost status Not for loan Collection code Home library Current library Date acquired Source of acquisition Cost, normal purchase price Full call number Barcode Copy number Cost, replacement price Koha item type Public note
      Fiction Central Library Central Library 12/08/2021 Gift/Eng/9.8.2021 650.00 S PAR B-741193 1 650.00 Children Books Gift

© Delhi Public Library
Hit Counter
free hit counter